Dallas Mavericks 2020s Top 10 Leaders - Statistics

General Stats
  • This quiz has been taken 216 times
    27 since last reset
  • The average score is 11 of 19
Answer Stats
Player % Correct
Kyrie Irving
100%
Luka Dončić
100%
Cooper Flagg
84%
Daniel Gafford
76%
P.J. Washington
76%
Dwight Powell
72%
Dereck Lively II
68%
Jalen Brunson
64%
Tim Hardaway Jr.
64%
Maxi Kleber
56%
Spencer Dinwiddie
56%
Dorian Finney-Smith
44%
Kristaps Porziņģis
44%
Jaden Hardy
40%
Naji Marshall
40%
Brandon Williams
36%
Josh Green
36%
Reggie Bullock
36%
Christian Wood
12%
No matching quizzes found
Score Distribution
Percent of People with Each Score
Percentile by Number Answered
Your Score History
You have not taken this quiz since the last reset